| 000 | 00629nam a2200157Ia 4500 | ||
|---|---|---|---|
| 008 | 220216s9999 xx 000 0 und d | ||
| 100 | _aNarayanan C | ||
| 245 | 0 | _aVariability in early growth and tolerance to abnormal leaf fall among Wickham x Amazonian hybrids and other pipeline clones of para rubber (Hevea brasiliensis) | |
| 260 | _bIRRDB Plant Breeders Workshop, 8-12 July 2019, Lembaga Getah Malaysia (Malaysian Rubber Board), Kuala Lumpur, Malaysia | ||
| 650 | _aAbnormal leaf fall | ||
| 650 | _aHevea brasiliensis | ||
| 650 | _aPipeline clones | ||
| 700 | _aMydin K.K | ||
| 856 | _uBibli details only | ||
| 942 | _cJS | ||
| 999 |
_c72083 _d72083 |
||